Sports Quiz

Random Sports or NHL Quiz

NHL Top 5 Points Per Season, TOR Quiz Stats

 Plays Quiz Updated Apr 8, 2019

Score 0/255 Timer 14:00
0 Plays Today
Season Player % Correct
2018-19Auston Matthews
94.4%
2016-17Auston Matthews
92.2%
2017-18Auston Matthews
91.6%
2018-19Mitch Marner
91.2%
2007-08Mats Sundin
89.7%
2006-07Mats Sundin
89.7%
2005-06Mats Sundin
89.7%
2003-04Mats Sundin
89.7%
2002-03Mats Sundin
89.7%
2001-02Mats Sundin
89.7%
2000-01Mats Sundin
89.7%
1999-00Mats Sundin
89.7%
1998-99Mats Sundin
89.7%
1997-98Mats Sundin
89.7%
1996-97Mats Sundin
89.7%
1995-96Mats Sundin
89.7%
1994-95Mats Sundin
89.7%
2018-19John Tavares
89.5%
2016-17Mitch Marner
85%
2017-18Mitch Marner
84.6%
2018-19Kasperi Kapanen
83.4%
2012-13Phil Kessel
81.7%
2011-12Phil Kessel
81.7%
2010-11Phil Kessel
81.7%
2009-10Phil Kessel
81.7%
2013-14Phil Kessel
80.6%
2014-15Phil Kessel
80.6%
1996-97Doug Gilmour
80.4%
1995-96Doug Gilmour
80.4%
1994-95Doug Gilmour
80.4%
1993-94Doug Gilmour
80.4%
1992-93Doug Gilmour
80.4%
1991-92Doug Gilmour
80.4%
2013-14Nazem Kadri
79.6%
2014-15Nazem Kadri
79.6%
2012-13Nazem Kadri
79.5%
2015-16Nazem Kadri
78.8%
2016-17Nazem Kadri
77%
1996-97Wendel Clark
76.2%
1993-94Wendel Clark
76.2%
1991-92Wendel Clark
76.2%
1990-91Wendel Clark
76.2%
1986-87Wendel Clark
76.2%
2016-17William Nylander
75.1%
2017-18Nazem Kadri
74.9%
2018-19Morgan Rielly
74%
2017-18William Nylander
73.2%
1980-81Darryl Sittler
72.4%
1979-80Darryl Sittler
72.4%
1978-79Darryl Sittler
72.4%
1977-78Darryl Sittler
72.4%
1976-77Darryl Sittler
72.4%
1975-76Darryl Sittler
72.4%
1974-75Darryl Sittler
72.4%
1973-74Darryl Sittler
72.4%
1972-73Darryl Sittler
72.4%
2012-13James van Riemsdyk
69.3%
2013-14James van Riemsdyk
69.1%
2014-15James van Riemsdyk
69.1%
2010-11Tomas Kaberle
67.8%
2009-10Tomas Kaberle
67.8%
2007-08Tomas Kaberle
67.8%
2006-07Tomas Kaberle
67.8%
2005-06Tomas Kaberle
67.8%
2002-03Tomas Kaberle
67.8%
2012-13Tyler Bozak
65.3%
2011-12Tyler Bozak
65.3%
2013-14Tyler Bozak
64.9%
2014-15Tyler Bozak
64.9%
2016-17James van Riemsdyk
64.3%
1981-82Börje Salming
64.2%
1980-81Börje Salming
64.2%
1979-80Börje Salming
64.2%
1978-79Börje Salming
64.2%
1977-78Börje Salming
64.2%
1976-77Börje Salming
64.2%
1975-76Börje Salming
64.2%
2015-16Tyler Bozak
63.1%
2017-18James van Riemsdyk
60.7%
2015-16Morgan Rielly
60.6%
1995-96Dave Andreychuk
60%
1994-95Dave Andreychuk
60%
1993-94Dave Andreychuk
60%
2011-12Dion Phaneuf
59.9%
1974-75Dave Keon
59.5%
Season Player % Correct
1973-74Dave Keon
59.5%
1972-73Dave Keon
59.5%
1971-72Dave Keon
59.5%
1970-71Dave Keon
59.5%
1969-70Dave Keon
59.5%
1968-69Dave Keon
59.5%
1967-68Dave Keon
59.5%
2006-07Bryan McCabe
58.5%
2005-06Bryan McCabe
58.5%
2003-04Bryan McCabe
58.5%
2002-03Alexander Mogilny
57.9%
2001-02Alexander Mogilny
57.9%
1986-87Rick Vaive
57.4%
1985-86Rick Vaive
57.4%
1984-85Rick Vaive
57.4%
1983-84Rick Vaive
57.4%
1982-83Rick Vaive
57.4%
1981-82Rick Vaive
57.4%
2003-04Gary Roberts
56.8%
2000-01Gary Roberts
56.8%
2006-07Darcy Tucker
55.8%
2005-06Darcy Tucker
55.8%
2001-02Darcy Tucker
55.8%
1978-79Lanny McDonald
55.5%
1977-78Lanny McDonald
55.5%
1976-77Lanny McDonald
55.5%
1975-76Lanny McDonald
55.5%
1974-75Lanny McDonald
55.5%
2011-12Joffrey Lupul
51%
2008-09Nik Antropov
49.6%
2007-08Nik Antropov
49.6%
2002-03Nik Antropov
49.6%
1992-93Glenn Anderson
48.5%
1991-92Glenn Anderson
48.5%
1984-85John Anderson
48.5%
1983-84John Anderson
48.5%
1982-83John Anderson
48.5%
1981-82John Anderson
48.5%
1979-80John Anderson
48.5%
1999-00Steve Thomas
48.3%
1998-99Steve Thomas
48.3%
1986-87Steve Thomas
48.3%
1985-86Steve Thomas
48.3%
1989-90Gary Leeman
47.9%
1988-89Gary Leeman
47.9%
1987-88Gary Leeman
47.9%
1986-87Gary Leeman
47.9%
1990-91Vincent Damphousse
47.6%
1989-90Vincent Damphousse
47.6%
1988-89Vincent Damphousse
47.6%
1997-98Mike Johnson
46%
2008-09Jason Blake
45.6%
2007-08Jason Blake
45.6%
2011-12Mikhail Grabovski
45.4%
2010-11Mikhail Grabovski
45.4%
2008-09Mikhail Grabovski
45.4%
2009-10Alexei Ponikarovsky
43.6%
2008-09Alexei Ponikarovsky
43.6%
2006-07Alexei Ponikarovsky
43.5%
2003-04Joe Nieuwendyk
42.7%
2010-11Nikolai Kulemin
41%
2009-10Nikolai Kulemin
41%
2015-16Leo Komarov
40.4%
1977-78Ron Ellis
39.6%
1974-75Ron Ellis
39.6%
1973-74Ron Ellis
39.6%
1971-72Ron Ellis
39.6%
1970-71Ron Ellis
39.6%
1969-70Ron Ellis
39.6%
1968-69Ron Ellis
39.6%
1967-68Ron Ellis
39.6%
2009-10Matt Stajan
39.2%
2008-09Matt Stajan
39.2%
2003-04Owen Nolan
39.1%
1980-81Ian Turnbull
38.7%
1978-79Ian Turnbull
38.7%
1977-78Ian Turnbull
38.7%
1976-77Ian Turnbull
38.7%
1975-76Ian Turnbull
38.7%
2000-01Sergei Berezin
38.6%
1998-99Sergei Berezin
38.6%
1996-97Sergei Berezin
38.6%
1973-74Norm Ullman
38.3%
1972-73Norm Ullman
38.3%
1971-72Norm Ullman
38.3%
Season Player % Correct
1970-71Norm Ullman
38.3%
1969-70Norm Ullman
38.3%
1968-69Norm Ullman
38.3%
1989-90Ed Olczyk
38.2%
1988-89Ed Olczyk
38.2%
1987-88Ed Olczyk
38.2%
1995-96Mike Gartner
37%
1986-87Russ Courtnall
36.7%
1985-86Russ Courtnall
36.7%
1993-94Dave Ellett
36%
1991-92Dave Ellett
36%
1990-91Dave Ellett
36%
1996-97Larry Murphy
36%
1995-96Larry Murphy
36%
2007-08Alex Steen
34.9%
2010-11Clarke MacArthur
34.8%
2000-01Jonas Hoglund
34.8%
1999-00Jonas Hoglund
34.8%
2015-16P.A. Parenteau
34.4%
2012-13Cody Franson
32.7%
2005-06Jason Allison
32.7%
1981-82Wilf Paiement
32.6%
1980-81Wilf Paiement
32.6%
1979-80Wilf Paiement
32.6%
1973-74Paul Henderson
32.6%
1971-72Paul Henderson
32.6%
1970-71Paul Henderson
32.6%
1968-69Paul Henderson
32.6%
2001-02Mikael Renberg
32.1%
1987-88Al Iafrate
32%
1994-95Todd Gill
31.6%
1992-93Todd Gill
31.6%
2001-02Robert Reichel
31.6%
2014-15Cody Franson
31%
1984-85Bill Derlago
30.5%
1983-84Bill Derlago
30.5%
1981-82Bill Derlago
30.5%
1980-81Bill Derlago
30.5%
1998-99Derek King
30.1%
1997-98Derek King
30.1%
1991-92Peter Zezel
28.8%
1992-93Nikolai Borschevsky
28%
2000-01Yanic Perreault
27%
1999-00Yanic Perreault
27%
1975-76Errol Thompson
26.9%
1988-89Tom Fergus
26.6%
1987-88Tom Fergus
26.6%
1985-86Tom Fergus
26.6%
1985-86Miroslav Frycer
25.1%
1984-85Miroslav Frycer
25.1%
1982-83Miroslav Frycer
25.1%
1967-68Bob Pulford
24.9%
1972-73Rick Kehoe
24.3%
1989-90Daniel Marois
24.3%
1988-89Daniel Marois
24.3%
1989-90Mark Osborne
23.8%
1987-88Mark Osborne
23.8%
1984-85Dan Daoust
23.4%
1983-84Dan Daoust
23.4%
2013-14Mason Raymond
23.2%
1999-00Igor Korolev
22.8%
1998-99Igor Korolev
22.8%
1997-98Igor Korolev
22.8%
1997-98Mathieu Schneider
22.2%
1982-83Peter Ihnacak
20.7%
1990-91Mike Krushelnyski
20.7%
1992-93John Cullen
20.7%
1990-91Rob Ramage
20.5%
1972-73Jim McKenny
20.4%
1993-94Dmitri Mironov
20.1%
1969-70Mike Walton
19.7%
1967-68Mike Walton
19.7%
1982-83Walt Poddubny
19.6%
2002-03Robert Svehla
19.3%
1994-95Mike Ridley
19%
1974-75George Ferguson
18.4%
1978-79Walt McKechnie
18%
1969-70Murray Oliver
17.4%
1968-69Murray Oliver
17.4%
1967-68Murray Oliver
17.4%
1983-84Jim Benning
16.1%
1971-72Jim Harrison
16.1%
1979-80Laurie Boschman
15.7%
1970-71Billy MacMillan
14.9%
1976-77Jack Valiquette
14.4%

You're not logged in!

Compare scores with friends on all Sporcle quizzes.
OR
Log In

Sporcle TV

Today on Sporcle TV


Watch our educational content, quiz creation guides, and fun videos on Sporcle TV.

Show Comments

Extras

Top Quizzes Today


Score Distribution

Your Account Isn't Verified!

In order to create a playlist on Sporcle, you need to verify the email address you used during registration. Go to your Sporcle Settings to finish the process.

Report this User

Report this user for behavior that violates our Community Guidelines.

Details: